| 000 | 03363naa a2200349Ia 4500 | ||
|---|---|---|---|
| 003 | OSt | ||
| 005 | 20260418132930.0 | ||
| 008 | 260418s2017 xx 000 0 und d | ||
| 040 |
_aFoundation University _bEng _cFoundation University _erda |
||
| 050 |
_aGS (Maed-Eng) LG 221 D35 G73 _bA5 E38 E55 2026 P37 |
||
| 099 | _a799 | ||
| 100 |
_aPasco, Coleen D. _91517 _eauthor. |
||
| 245 | 1 | 0 |
_aUnlocking difficult words : _bteachers' use of vocabulary strategies [thesis] / _cby Coleen D. Pasco |
| 264 |
_aDumaguete City _bFoundation Uiniversity, _c2026. _42026. |
||
| 300 |
_aviii, 104 leaves _bill. (chiefly color) ; _c28 cm. _3volume _fresource |
||
| 336 |
_2rdacontent _atext _btxt |
||
| 337 |
_2rdamedia _aunmediated _bn |
||
| 338 |
_3rdacarrier _avolume _bnc |
||
| 502 | _aGraduate thesis (Master of Arts in Education Major in English) - - Foundation University, 2026. | ||
| 504 | _aIncludes bibliographical references and appendices. | ||
| 520 | _aAbstract The study aimed to investigate the extent to which teachers utilize vocabulary strategies and the relationship of these strategies with the selected variables. It also determined the students' reading performance. The researcher utilized the descriptive-correlational survey and employed the systematic sampling technique in identifying the 180 Grade 7 respondents from the seven public secondary schools of Maria Districts 1 and 2 in the Division of Siquijor. The researcher used validated questionnaires and employed mean, percent, standard deviation, Chi-Square Test, and Spearman's Rank-Order Correlation in treating the data. The findings revealed that the extent of the teachers' utilization in terms of the following strategies is "high": (a) context clues, (b) word analysis, (c) use of dictionary, (d) breaking words into syllables, (e) making connections, () visualization/drawing. It was also found that the students' reading performance when exposed to a reading selection is "satisfactory". The data further indicated that the mentioned strategies are significantly related to the students' reading performance. Additionally, the findings also showed that book reading frequency and extent of encouragement of parents or guardians significantly relate to the students performance; however, sex, main source of income, number of books at home, and nunmber of magazines/newspapers do not. These findings emphasize that the higher the utilization of these strategies and the support of parents or guardians to home reading practices, the greater the students' gains in vo cabulary, comprehension, and overall reading outcome. Keywords: vocabulary strategies, reading performance, home learning environment, extent of utilization | ||
| 650 |
_aVocabulary _xStudy and teaching. _915516 |
||
| 650 |
_aLanguage and languages _xStudy and teaching. _915517 |
||
| 650 |
_aReading comprehension. _914619 |
||
| 650 |
_aTeaching _xMethods. _913723 |
||
| 658 |
_aThesis Writing 2 (Pre/Final Oral Defense : _bEducation Major in English, Master of Arts in ; _cMA 101 |
||
| 690 |
_2FU _avocabulary strategies, _915534 |
||
| 690 |
_2FU _areading performance, _915535 |
||
| 690 |
_2FU _ahome learning environment, _915536 |
||
| 690 |
_2FU _a extent of utilization _915537 |
||
| 942 |
_2lcc _cFS _hLG 221 D35 G73 _iA5 E38 E55 2026 P37 _kGS (Maed-Eng) |
||
| 999 |
_c5760 _d5760 |
||